Aristotle: The Nicoma Cheam Ethics (Record no. 4035)

MARC details
000 -LEADER
fixed length control field 00375nam a22001457a 4500
008 - FIXED-LENGTH DATA ELEMENTS--GENERAL INFORMATION
fixed length control field 250701b |||||||| |||| 00| 0 eng d
020 ## - INTERNATIONAL STANDARD BOOK NUMBER
ISBN 9781853264610
100 ## - MAIN ENTRY--AUTHOR
Author Griffith Tom
245 ## - TITLE STATEMENT
Title Aristotle: The Nicoma Cheam Ethics
260 ## - PUBLICATION, DISTRIBUTION, ETC. (IMPRINT)
Place of publication Hertfort
Name of publisher WordsWorth Editions Limited
Date of publication 1996
300 ## - COLLATION
Pagination 287p.
650 ## - TRACINGS
Main Subject Ethics
942 ## - ADDED ENTRY ELEMENTS (KOHA)
Item type Books
050 ## - LIBRARY OF CONGRESS CALL NUMBER
Classification number B 430
Item number .A75
Holdings
Source of classification or shelving scheme Not for loan Permanent location Current location Date acquired Accession No. Full call number Barcode. Koha item type
Library of Congress Classification   Samuel Ogbemudia Main Library, University of Abuja Samuel Ogbemudia Main Library, University of Abuja 07/01/2025 2024/62290 B 430 .A75 2025-2753 Books
Library of Congress Classification   Samuel Ogbemudia Main Library, University of Abuja Samuel Ogbemudia Main Library, University of Abuja 07/01/2025 2024/62290 B 430 .A75 2025-2754 Books